000 01239nam a2200325 4500
001 0000019590
003 CO-CtgCURN
005 20260311192450.0
007 ta
008 160627s2003 000 0 eng d
020 _a9589181643
040 _aCO-CtgCURN
_bspa
_ccoctgcurn
082 0 _a617.634
_bM236
100 1 _aMalagon Londoño, Gustavo.
245 1 0 _aUrgencias odontológicas /
_cGustavo Malagon-Londoño , Olga Marcela Malagon Baquero , Enrique Amador Preciado.
250 _a3a ed.
260 _aMadrid :
_bPanamericana,
_c2003.
300 _a289 p.
336 _2rdacontent
337 _2rdamedia
_asin mediacion
_bn
338 _2rdacarrier
_avolumen
_bnc
500 _aIncluye bibliografias e indice.
505 8 _aFisiopatología del dolor.--Fisiopatología de la hemorragia.--Hemorragia en odontología.--Generalidades sobre infección.--Situaciones especificas de infección.--Conceptos generales de trauma
590 _aElectiva I: Principios de inyectología (Odontología)
650 1 4 _aOdontología de urgencia.
700 1 _aMalagon Baquero, Olga Marcela.
908 _a160627
942 _cBK
_h617.634
_iM236
_2ddc
_n0
999 _c23346
_d23346